Inflácia, dezinflácia a deflácia

Teoretické vymedzenia inflácie. Prejavy inflácie. Pojem dezinflácia. Metódy potlačenej inflácie. Deflácia a deflačné nebezpečenstvá. Deflačná medzera. Deflácia na príklade japonskej ekonomiky.

Gespeichert in:
Bibliographische Detailangaben
1. Verfasser: Táncošová, Judita
Format: Buchkapitel
Sprache:Slowakisch
Schlagworte:
Tags: Tag hinzufügen
Keine Tags, Fügen Sie das erste Tag hinzu!

MARC

LEADER 00000naa$a2200000$$$4500
001 0004575
005 20231002130502.6
041 0 |a slo 
044 |a CZ 
245 1 0 |a Inflácia, dezinflácia a deflácia  |c Judita Táncošová 
520 |a Teoretické vymedzenia inflácie. Prejavy inflácie. Pojem dezinflácia. Metódy potlačenej inflácie. Deflácia a deflačné nebezpečenstvá. Deflačná medzera. Deflácia na príklade japonskej ekonomiky. 
610 2 0 |a inflácia 
610 2 0 |a dezinflácia 
610 2 0 |a deflácia 
610 2 0 |a teórie ekonomické 
610 2 0 |a pojmy 
610 2 0 |a Japonsko 
100 1 |a Táncošová, Judita